Paesi Europei da Prime 2 Lettere - Statistics

Statistiche generali
  • Questo quiz è stato fatto 5.206 volte
  • Il punteggio medio è 31 su 45
Risposte nella Mappa
Le risposte nella mappa del quiz sottostante sono codificate secondo una scala di colori dal rosso al verde in base alla % di persone che hanno risposto correttamente.
 
Statistiche sulle risposte
country % Corretto
Italia
95%
Francia
93%
Polonia
92%
Portogallo
92%
Spagna
91%
Svezia
91%
Svizzera
91%
Germania
87%
Cèchia
85%
Irlanda
84%
Regno Unito
84%
Norvegia
80%
Islanda
77%
Russia
76%
Liechtenstein
75%
Lituania
75%
Finlandia
74%
Belgio
73%
Moldavia
73%
Monaco
73%
Montenegro
73%
Paesi Bassi
71%
Grecia
68%
Danimarca
63%
Macedonia
63%
Malta
63%
Ucraina
63%
Austria
60%
Estonia
60%
Lettonia
60%
Romania
60%
Città del Vaticano
59%
Lussemburgo
58%
Andorra
57%
San Marino
57%
Slovacchia
54%
Slovenia
54%
Albania
53%
Bielorussia
53%
Croazia
49%
Bulgaria
48%
Serbia
46%
Ungheria
45%
Bosnia ed Erzegovina
42%
Kosovo
34%
Nessun quiz corrispondente trovato
Distribuzione punteggi
Percentuale di utenti per punteggio
Percentile per numero di risposta
I tuoi punteggi nel tempo
Non hai fatto questo quiz